Marvel Characters beginning with 'B' - Statistics

General Stats
  • This quiz has been taken 712 times
  • The average score is 11 of 26
Answer Stats
Hint Answer % Correct
King of Wakanda Black Panther
83%
Captain America's partner Bucky Barnes
83%
Vampire Hunter Blade
77%
Russian assassin Black Widow
76%
Furry X-man Beast
75%
Fat Mutant Blob
64%
He doesn't miss Bullseye
60%
King of the Inhumans Black Bolt
57%
Hulk's wife (one of them) Betty Banner
48%
Mutant from the future Bishop
45%
Uses a classic Australian weapon Boomerang
44%
Irish mutant Banshee
43%
Spider-man friend/occasional enemy Black Cat
41%
Captain America enemy Baron Zemo
40%
Thor look-alike Beta Ray Bill
36%
Team of mutant terrorists The Brotherhood of Evil Mutants
35%
Dr Strange's archenemy Baron Mordo
34%
Wielder of the Ebony Blade Black Knight
34%
Teleporting mutant Blink
28%
French mercenary Batroc
25%
Started the Secret Wars Beyonder
25%
Thor's brother Balder
24%
Alien insectoids Brood
22%
'Cool' Iron Man enemy Blizzard
16%
Mutant hunting robot Bastion
11%
Brother of Union Jack, a vampire Baron Blood
10%
No matching quizzes found
Score Distribution
Percent of People with Each Score
Percentile by Number Answered
Your Score History
You have not taken this quiz